000 00664nam a22002417a 4500
003 CHAP
005 20220329140809.0
008 971013s r 00010 d
010 _a57767
011 _a58739
035 _a62895
040 _cCHAP
090 _aR-900
100 0 0 _aSpangenberg, Gustavo E.
_9109120
245 _aCultivo del ricino
500 _aSobretiro de: Boletín de la Unión Panamericana 69:592-599, 1935
590 _aBATCH-UPD
_b10
_c20130110
_lUCH01
_h0834
590 _aCONVERSION
_b10
_c20130109
_lUCH01
_h1331
650 1 4 _aHiguerilla.
_955365
901 _aBK
942 _cREIMP
949 _aR-900
_bBC
_cR
_d-134899
_eTS1
_i62895
_si
999 _c57767
_d57767